Loading...
| Ancient History and Archaeology | 1 | 0.00 | 0% | 0% | 0% |
| Beliefs | 2 | 0.00 | 0% | 0% | 0% |
| British and Commonwealth History | 1 | 0.00 | 0% | 0% | 0% |
| Current Events | 1 | 20.00 | 0% | 200% | 200% |
| Fine Arts - Auditory | 2 | 10.00 | 200% | 0% | 100% |
| Fine Arts - Visual | 1 | 10.00 | 0% | 0% | 100% |
| Geography | 3 | 6.67 | 133% | 0% | 33% |
| History - American | 1 | 10.00 | 0% | 100% | 0% |
| History - European | 3 | 16.67 | 133% | 133% | 133% |
| History - World | 2 | 0.00 | 0% | 0% | 0% |
| Literature - American | 1 | 0.00 | 0% | 0% | 0% |
| Literature - European | 3 | 3.33 | 0% | 0% | 33% |
| Other Academic | 1 | 0.00 | 0% | 0% | 0% |
| Other Arts: Auditory | 1 | 0.00 | 0% | 0% | 0% |
| Other Science: Astronomy | 1 | 0.00 | 0% | 0% | 0% |
| Other Science: Earth Science | 1 | 10.00 | 400% | 0% | 0% |
| Science - Biology | 1 | 0.00 | 0% | 0% | 0% |
| Science - Chemistry | 2 | 10.00 | 0% | 100% | 100% |
| Science - Physics | 1 | 10.00 | 0% | 0% | 200% |
| Social Science | 2 | 5.00 | 200% | 0% | 0% |